The geology and mineralogy of Graves Mountain, Georgia. (Record no. 29446)

MARC details
000 -LEADER
fixed length control field 01043cam a22002891 4500
001 - CONTROL NUMBER
control field gs 60000203
003 - CONTROL NUMBER IDENTIFIER
control field DLC
005 - DATE AND TIME OF LATEST TRANSACTION
control field 20260227111409.0
008 - FIXED-LENGTH DATA ELEMENTS--GENERAL INFORMATION
fixed length control field 780208s1959 gauab b 000 0 eng c
010 ## - LIBRARY OF CONGRESS CONTROL NUMBER
LC control number gs 60000203
035 ## - SYSTEM CONTROL NUMBER
System control number (OCoLC)3619347
040 ## - CATALOGING SOURCE
Original cataloging agency U.S. Geol. Survey. Libr.
Transcribing agency OT
Modifying agency OCoLC
-- DLC
042 ## - AUTHENTICATION CODE
Authentication code premarc
050 00 - LIBRARY OF CONGRESS CALL NUMBER
Classification number QE101
Item number .A12 no. 68
100 1# - MAIN ENTRY--PERSONAL NAME
Personal name Hurst, Vernon J.
245 14 - TITLE STATEMENT
Title The geology and mineralogy of Graves Mountain, Georgia.
260 ## - PUBLICATION, DISTRIBUTION, ETC.
Place of publication, distribution, etc. Atlanta,
Date of publication, distribution, etc. 1959.
300 ## - PHYSICAL DESCRIPTION
Extent v, 33 p.
Other physical details illus., maps (1 fold col. in pocket) diagrs., tables.
Dimensions 23 cm.
490 1# - SERIES STATEMENT
Series statement Georgia. Dept. of Mines, Mining, and Geology. Bulletin
Volume/sequential designation no. 68
500 ## - GENERAL NOTE
General note Folded map in pocket in back of book.
500 ## - GENERAL NOTE
General note At head of title: The Geological Survey.
504 ## - BIBLIOGRAPHY, ETC. NOTE
Bibliography, etc. note Bibliography: p. 31-32.
650 #0 - SUBJECT ADDED ENTRY--TOPICAL TERM
Topical term or geographic name entry element Geology
Geographic subdivision Georgia
-- Graves Mountain.
650 #0 - SUBJECT ADDED ENTRY--TOPICAL TERM
Topical term or geographic name entry element Mineralogy
Geographic subdivision Georgia
-- Graves Mountain.
740 0# - ADDED ENTRY--UNCONTROLLED RELATED/ANALYTICAL TITLE
Uncontrolled related/analytical title Graves Mountain, Georgia.
810 10 - SERIES ADDED ENTRY--CORPORATE NAME
Corporate name or jurisdiction name as entry element Georgia.
Subordinate unit Department of Mines, Mining, and Geology.
Title of a work Bulletin
Volume/sequential designation no. 68.

No items available.

Powered by Koha